000 00515nam a22001817a 4500
005 20251108164112.0
008 250721s1999 xx 000 0 ara d
082 1 4 _aق/عيد
100 1 _aعيد، علي
245 1 0 _aأيام الآسى و المرح /
264 1 _aالقاهرة :
_bالهيئة المصرية العامة للكتاب،
_c1999.
300 _a143ص
650 1 7 _aالأدب العربي
650 1 7 _aالقصص العربية
650 1 7 _aمصر
942 _2ddc
_cBK
999 _c3673
_d3673